Procesy przemian społeczno-obyczajowych na Ziemi Świebodzińskiej po 1945 roku

Titel: Procesy przemian społeczno-obyczajowych na Ziemi Świebodzińskiej po 1945 roku / Jarosław Koral
Verfasser:
Veröffentlicht: Warszawa : Uniwersytet Kardynała Stefana Wyszyńskiego. Wydział Nauk Historycznych i Społecznych, 2017
Umfang: 248 Seiten ; 21 cm
Format: Buch
Sprache: Polnisch
Schlagworte:
ISBN: 8394479103 ; 9788394479107
Buchumschlag
X
alg: 41981065
001A    $03004:06-11-17 
001B    $01999:24-01-18 $t11:25:16.000 
001C    $03004:06-11-17 $t14:27:25.000 
001D    $03004:06-11-17 
001U    $0utf8 
001X    $00 
002@    $0Aau 
002C    $aText $btxt $2rdacontent 
002D    $aohne Hilfsmittel zu benutzen $bn $2rdamedia 
002E    $aBand $bnc $2rdacarrier 
003@    $041981065X 
003O    $01003002458 $aOCoLC 
004A    $083-944791-0-3 
004A    $A978-83-944791-0-7 
006C    $01003002458 $aOCoLC 
007A    $041981065X $aHEB 
007G    $0DE020D2EDB2FC68CAD1FCC125821E0042505B 
009P    $qapplication/pdf $A2 $3Inhaltsverzeichnis $uhttp://scans.hebis.de/HEBCGI/show.pl?41981065_toc.pdf $mV:DE-603;B:DE-Mb50 
010@    $apol 
010E    $erda 
011@    $a2017 $n2017 
021A    $aProcesy przemian społeczno-obyczajowych na Ziemi Świebodzińskiej po 1945 roku $hJarosław Koral 
028A    $BVerfasser $4aut $7 $8Koral, Jarosław [Tnu] $9215869222 
033A    $pWarszawa $nUniwersytet Kardynała Stefana Wyszyńskiego. Wydział Nauk Historycznych i Społecznych 
034D    $a248 Seiten 
034I    $a21 cm 
037A    $aLiteraturverzeichnis Seite 228-248 
044K    $RWoiwodschaft Lebus $RSchwiebus $#Schwiebus $#Svebodzinas $#Svebodzina $75058447-9 $8Świebodzin [Tg1] $9044730063 
044K    $RMobilität $RRegionale Mobilität $#Emigration and immigration $#Émigration et immigration $#migration $#Migration $#Bevölkerungswanderung $#Wanderung Soziologie $#Wanderungen $#Wanderungsbewegung $74120730-0 $8Migration [Ts1] $9085386928 
044K    $RWirtschaftswachstum $#Economic development $#Développement économique $#Wirtschaftliche Entwicklung $#Wirtschaftsdynamik $#Wirtschaftswandel $#Wirtschaftlicher Wandel $#Ökonomische Entwicklung $74066438-7 $8Wirtschaftsentwicklung [Ts1] $9085186708 
045R    $aGeschichte 1945- 

lok: 41981065 24

exp: 41981065 24 1 #EPN
201B/01 $019-01-18 $t11:23:47.000 
201C/01 $006-11-17 
201U/01 $0utf8 
203@/01 $01010928759 
208@/01 $a06-11-17 $bz 
209A/01 $a17.08241 $du $f050 $h17 8241 $x00 
209C/01 $a17.08241 T $h17 8241 T 
209G/01 $a73826101 $x00 
220C/01 $ajwa 
247C/01 $8358050-7 Marburg, Bibliothek des Herder-Instituts Marburg $9102600961 

lok: 41981065 78

exp: 41981065 78 1 #EPN
201B/01 $028-06-18 $t15:55:08.000 
201C/01 $028-06-18 
201U/01 $0utf8 
203@/01 $01023940000 
208@/01 $a28-06-18 $be 
209A/01 $a/ $f000 $x00 
209A/01 $ab*p $x01 
209A/01 $a*ng $x03 
220C/01 $aeja 
244Z/01 $#Generalgouvernement Polen $#Polska $#Rzeczpospolita Polska $#Polska Rzeczpospolita Ludowa $#Poland $#Pologne $#République Polonaise $#Generalne Gubernatorstwo w Polsce $#Polish People's Republic $#Polska Rzeczpospolita Polen $#PRL $#RP $#Polen Generalgouvernement $#Polska Generalgouvernement $#Besetzte Polnische Gebiete $#Besetztes Gebiet in Polen $#Okupowane Polskie Obszary $#Obszary Okupowane w Polsce $#Volksrepublik Polen $#Polska Rosyjska $#Republic Polen $#Respublika Pol'ša $#Pol'skaja Narodnaja Respublika $#République de Pologne $#Polen Links der Weichsel $#Polska po Lewej Stronie Wisły $#Lenkija $#Polija $#Gubernija Carstva Pol'skago $#Republik Polen $74046496-9 $8--Tg1--Polen $x01 $9085129801 
244Z/01 $#Schlesien $#Schlesien $#Herzogtum Schlesien $#Herzogtum Schlesien Schlesien $#Provinz Schlesien $#Śla̜sk $#Slezsko $#Silesia $74052678-1 $8--Tg1--Schlesien $x02 $9085146781 
247C/01 $82080>Marburg/Lahn, Herder-Institut, Forschungsbibliothek, Bibliographieportal $9336309341
LEADER 00000cam a2200000 c 4500
001 41981065X
003 DE-603
005 20180124112516.0
007 tu
008 171106s2017 xx |||| | u00||u|pol c
020 |a 8394479103 
020 |a 9788394479107 
035 |a (DE-599)HEB41981065X 
035 |a (OCoLC)1003002458 
040 |a DE-603  |b ger  |c DE-603  |d DE-603  |e rda 
041 |a pol 
100 1 |a Koral, Jarosław  |e Verfasser  |4 aut  |0 (DE-603)215869222 
245 0 0 |a Procesy przemian społeczno-obyczajowych na Ziemi Świebodzińskiej po 1945 roku  |c Jarosław Koral 
264 1 |a Warszawa  |b Uniwersytet Kardynała Stefana Wyszyńskiego. Wydział Nauk Historycznych i Społecznych  |c 2017 
300 |a 248 Seiten  |c 21 cm 
336 |a Text  |b txt  |2 rdacontent 
337 |a ohne Hilfsmittel zu benutzen  |b n  |2 rdamedia 
338 |a Band  |b nc  |2 rdacarrier 
500 |a Literaturverzeichnis Seite 228-248 
648 7 |a Geschichte 1945-  |2 gnd 
650 7 |a Migration  |0 (DE-588)4120730-0  |0 (DE-603)085386928  |2 gnd 
650 7 |a Wirtschaftsentwicklung  |0 (DE-588)4066438-7  |0 (DE-603)085186708  |2 gnd 
651 7 |a Świebodzin  |0 (DE-588)5058447-9  |0 (DE-603)044730063  |2 gnd 
856 4 2 |m V:DE-603;B:DE-Mb50  |q application/pdf  |u http://scans.hebis.de/HEBCGI/show.pl?41981065_toc.pdf  |3 Inhaltsverzeichnis 
924 0 |9 Mb 50  |a (DE-603)1010928759  |b DE-Mb50  |c HES  |d c  |g 17.08241 
924 0 |9 2080  |a (DE-603)1023940000  |b DE-2080  |c HES  |d d  |g /